Library of the University of Algiers 3
Ibrahim Sultan Cheibout
شعار جامعة الجزائر 3
مكتبة جامعة الجزائر 3
إبراهيم سلطان شيبوط

أسس العلاقات العامة / (رقم التسجيلة. 45668)

تفاصيل مارك
000 -LEADER
fixed length control field 01272nam a2200253Ia 4500
003 - CONTROL NUMBER IDENTIFIER
control field Ost
005 - DATE AND TIME OF LATEST TRANSACTION
control field 20260507075654.0
008 - FIXED-LENGTH DATA ELEMENTS--GENERAL INFORMATION
fixed length control field 260507s9999||||xx |||||||||||||| ||und||
020 ## - INTERNATIONAL STANDARD BOOK NUMBER
International Standard Book Number 9957320475
040 ## - CATALOGING SOURCE
Transcribing agency fsecg
041 ## - LANGUAGE CODE
Language code of text/sound track or separate title ara
082 ## - DEWEY DECIMAL CLASSIFICATION NUMBER
Classification number 659.2
100 ## - MAIN ENTRY--PERSONAL NAME
Personal name عساف، عبد المعطي محمد
Relator term مؤلف
245 #0 - TITLE STATEMENT
Title أسس العلاقات العامة /
Statement of responsibility, etc. عبد المعطي محمد عساف
260 ## - PUBLICATION, DISTRIBUTION, ETC.
Place of publication, distribution, etc. عمان:
Name of publisher, distributor, etc. دار الحامد,
Date of publication, distribution, etc. 2004
300 ## - PHYSICAL DESCRIPTION
Extent 204 صفحة؛
Other physical details إيضاحات ؛
Dimensions 24 سم
504 ## - BIBLIOGRAPHY, ETC. NOTE
Bibliography, etc. note المراجع ص.203
520 ## - SUMMARY, ETC.
Summary, etc. ما هية العلاقات العامة، تنظيم ادارة العلاقات العامة، الاتصالات الادارية، وسائل الاتصال، جماهير المنشأة "المنظمة" ودور العلاقات العامة، نشأة العلاقات العامة، تصميم برنامج العلاقات العامة وتقويمه، الرأي العام وأهميته، العلاقات العامة في القطاعين العام والخاص.
653 ## - INDEX TERM--UNCONTROLLED
Uncontrolled term الرأي العام
653 ## - INDEX TERM--UNCONTROLLED
Uncontrolled term العلاقات العامة
653 ## - INDEX TERM--UNCONTROLLED
Uncontrolled term وسائل الاتصال
700 ## - ADDED ENTRY--PERSONAL NAME
Personal name صالح، محمد فالح
Relator term مؤلف ثانوي
942 ## - ADDED ENTRY ELEMENTS (KOHA)
Koha item type كتب
المقتنيات
Withdrawn status Lost status Source of classification or shelving scheme Damaged status Not for loan Home library Current library Date acquired Serial enumeration / chronology Inventory number Total checkouts Full call number Barcode Date last seen Price effective from Koha item type
    Library of Congress Classification   NOT LOAN / إعارة داخلية مكتبة كلية العلوم الإقتصادية والعلوم التجارية وعلوم التسيير مكتبة كلية العلوم الإقتصادية والعلوم التجارية وعلوم التسيير 07/05/2026 الطابق الأرضي 1806/1   أ/1806ن1 1806/1 07/05/2026 07/05/2026 كتب
    Dewey Decimal Classification   Available مكتبة كلية العلوم الإقتصادية والعلوم التجارية وعلوم التسيير مكتبة كلية العلوم الإقتصادية والعلوم التجارية وعلوم التسيير 07/05/2026 الطابق الأرضي 1806/2   أ/1806ن2 1806/2 07/05/2026 07/05/2026 كتب
    Dewey Decimal Classification   Available مكتبة كلية العلوم الإقتصادية والعلوم التجارية وعلوم التسيير مكتبة كلية العلوم الإقتصادية والعلوم التجارية وعلوم التسيير 07/05/2026 الطابق الثاني 1806/3   أ/1806ن3 1806/3 07/05/2026 07/05/2026 كتب

موارد الويب المفتوحة


© University of Algiers 3 All Rights Reserved
|
Implemented by LECHELAH Riad